Loading...
| Fine Arts - Classical Music | 0 | 7 | 2 | 0 | 60 | 72 | 108.57 | 2 | 5 | 0.00 | 0.00 |
| Fine Arts - Other | 0 | 6 | 1 | 0 | 55 | 61 | 98.33 | 2 | 5 | 0.00 | 0.00 |
| Literature - European | 0 | 5 | 0 | 1 | 50 | 49 | 108.80 | 0 | 2 | 0.00 | 0.00 |
| Fine Arts - Painting and Sculpture | 0 | 6 | 3 | 0 | 45 | 81 | 109.67 | 0 | 5 | 0.00 | 0.00 |
| Literature - British | 0 | 4 | 1 | 0 | 35 | 96 | 111.50 | 0 | 0 | 0.00 | 0.00 |
| Literature - World | 0 | 3 | 0 | 0 | 30 | 113 | 117.67 | 0 | 2 | 0.00 | 0.00 |
| Literature - American | 0 | 3 | 1 | 0 | 25 | 40 | 105.67 | 0 | 1 | 0.00 | 0.00 |
| History - European | 0 | 2 | 0 | 0 | 20 | 68 | 83.00 | 1 | 1 | 0.00 | 0.00 |
| Mythology | 0 | 2 | 0 | 2 | 20 | 134 | 142.00 | 0 | 1 | 0.00 | 0.00 |
| Philosophy | 0 | 2 | 0 | 0 | 20 | 77 | 94.50 | 0 | 1 | 0.00 | 0.00 |
| Social Science | 0 | 1 | 0 | 0 | 10 | 97 | 97.00 | 0 | 0 | 0.00 | 0.00 |
| Pop Culture | 0 | 1 | 0 | 0 | 10 | 40 | 40.00 | 1 | 1 | 0.00 | 0.00 |
| Religion | 0 | 1 | 1 | 0 | 5 | 126 | 126.00 | 0 | 0 | 0.00 | 0.00 |
| History - Other | 0 | 0 | 1 | 0 | -5 | 0.00 | 0 | 0 | 0.00 | 0.00 |